00547nam a2200169Ia 45000030005000000050017000050080041000220200022000630400060000850820015001451000042001602450045002022600049002473000009002966500030003057000042003350OSt20260309100429.0240810s9999 xx 000 0 und d a978-84-608-1581-5 aBiblioteca Geral-Universidade Lusíada de AngolacBULA m10(1)a327 aSONIA ALDAS MEJIAS /SUSANA FERREIRA  0aLa Multidimensionalidad de la seguridad  aMadridbImprenta Nacional de la AEBOEc2015. a563p aRelaçoes Internacionais aSonia Aldas Mejias /susana Ferreira